[Event "RN-2011-0-00350"]
[Site "LSS email"]
[Date "2011.02.10"]
[Round "?"]
[White "McCarty, Andy"]
[Black "Vontina, Maria"]
[Result "0-1"]
[WhiteElo "685"]
[BlackElo "599"]
[PlyCount "114"]
[EventDate "2011.01.27"]
[EventType "tourn (corr)"]
[EventRounds "6"]
[EventCountry "GER"]
[SourceTitle "Telechess CBM 145"]
[Source "Chessbase"]
[SourceDate "2011.11.11"]
[SourceVersion "1"]
[SourceVersionDate "2011.11.11"]
[SourceQuality "1"]

1. d4 Nf6 2. c4 g6 3. Nc3 Bg7 4. Nf3 d6 5. Bf4 0-0 6. e3 a6 7. Bd3 Nc6 8. 0-0 Re8 9. Nd5 Bg4 10. Nxf6+ Bxf6 11. h3 Bd7 12. Re1 Bg7 13. Qb3 Rb8 14. e4 Nxd4 15. Nxd4 Bxd4 16. Bc2 Bg7 17. Rad1 Qc8 18. e5 dxe5 19. Bxe5 Bc6 20. Qc3 Bxe5 21. Qxe5 b6 22. Be4 Bxe4 23. Rxe4 c5 24. h4 Qc6 25. h5 Qf6 26. Qg3 Kg7 27. hxg6 hxg6 28. Rh4 Rh8 29. Rxh8 Rxh8 30. Qc3 Qxc3 31. bxc3 Rb8 32. Rd7 Kf6 33. Rd3 Rb7 34. Kf1 e6 35. Ke2 Ke7 36. Ke3 Rd7 37. Rxd7+ Kxd7 38. Ke4 Kd6 39. f4 f6 40. g3 b5 41. cxb5 axb5 42. a3 f5+ 43. Ke3 Kd5 44. Kd3 e5 45. fxe5 c4+ 46. Ke3 Kxe5 47. Kf3 g5 48. Ke3 f4+ 49. gxf4+ gxf4+ 50. Kf3 Kf5 51. Kf2 Ke4 52. Ke2 f3+ 53. Kf2 Kd3 54. Kxf3 Kxc3 55. Ke3 Kb3 56. Kd4 Kxa3 57. Kc3 Ka4 0-1

[Event "SN-2011-0-00307"]
[Site "LSS email"]
[Date "2011.01.23"]
[Round "?"]
[White "McCarty, Andy"]
[Black "Nyeste, Gyula"]
[Result "0-1"]
[WhiteElo "685"]
[BlackElo "875"]
[PlyCount "68"]
[EventDate "2011.01.13"]
[EventType "tourn (corr)"]
[EventRounds "6"]
[EventCountry "GER"]
[SourceTitle "Telechess CBM 145"]
[Source "Chessbase"]
[SourceDate "2011.11.11"]
[SourceVersion "1"]
[SourceVersionDate "2011.11.11"]
[SourceQuality "1"]

1. d4 c5 2. d5 d6 3. c4 g6 4. Nf3 Bg7 5. e3 Nf6 6. Nc3 0-0 7. Be2 e6 8. 0-0 e5 9. e4 Nbd7 10. Bg5 Nb6 11. a3 a6 12. b4 Qc7 13. Bxf6 Bxf6 14. bxc5 Qxc5 15. h3 Nxc4 16. Bxc4 Qxc4 17. Rc1 b5 18. Ne2 Qxe4 19. Ng3 Qf4 20. Re1 Qa4 21. Re3 Bb7 22. Qd2 Bg7 23. Ne4 Rad8 24. Nc3 Qa5 25. Qb2 Rfe8 26. Re4 f5 27. Ree1 e4 28. Nd4 Bxd4 29. Qb4 Qb6 30. Ne2 Bxf2+ 31. Kh1 Bxe1 32. Rxe1 Bxd5 33. Nc3 Qc6 34. Nxd5 Qxd5 0-1

[Event "OP-2011-0-01372"]
[Site "LSS email"]
[Date "2011.01.15"]
[Round "?"]
[White "Jovanovic, Bratislav"]
[Black "McCarty, Andy"]
[Result "1-0"]
[WhiteElo "2054"]
[BlackElo "710"]
[PlyCount "55"]
[EventDate "2011.01.08"]
[EventType "tourn (corr)"]
[EventRounds "4"]
[EventCountry "GER"]
[SourceTitle "Telechess CBM 147"]
[Source "ChessBase"]
[SourceDate "2012.03.16"]
[SourceVersion "1"]
[SourceVersionDate "2012.03.16"]
[SourceQuality "1"]

1. e4 e5 2. Bc4 Nc6 3. Nc3 Nf6 4. d3 Bb4 5. Nf3 h6 6. Bd2 0-0 7. 0-0 d6 8. h3 Na5 9. Bb3 Nxb3 10. axb3 Be6 11. Re1 a6 12. d4 exd4 13. Nxd4 Bxc3 14. Bxc3 Nd7 15. Re3 Ne5 16. f4 Nc6 17. Nxe6 fxe6 18. Rg3 e5 19. Qd5+ Kh7 20. f5 Qh4 21. Kh2 Rab8 22. Rf1 Qd8 23. Rf4 Nb4 24. Qd1 Rf7 25. Qh5 Qd7 26. Rg6 exf4 27. Rxh6+ gxh6 28. Qg6# 1-0